[Event "SUI-chT"]
[Site "Switzerland"]
[Date "2021.12.11"]
[Round "8.7"]
[White "Huss, Andreas"]
[Black "Simon, Roland"]
[Result "0-1"]
[WhiteElo "2249"]
[BlackElo "2075"]
[PlyCount "72"]
[EventDate "2021.08.29"]
[EventType "team-tourn"]
[EventRounds "9"]
[EventCountry "SUI"]
[SourceTitle "EXT 2023"]
[Source "ChessBase"]
[SourceDate "2022.10.05"]
[SourceVersion "1"]
[SourceVersionDate "2022.10.05"]
[SourceQuality "1"]
[WhiteTeam "Winterthur"]
[BlackTeam "Trubschachen"]
[WhiteTeamCountry "SUI"]
[BlackTeamCountry "SUI"]

1. d4 Nf6 2. c4 e6 3. Nf3 d5 4. Nc3 c6 5. cxd5 exd5 6. Qc2 Bg4 7. Ne5 Bh5 8. Bg5 Be7 9. e3 Nfd7 10. Bf4 Nxe5 11. Bxe5 Bg6 12. Bd3 Bxd3 13. Qxd3 0-0 14. 0-0 Nd7 15. Bg3 Nb6 16. Rfc1 Bd6 17. Qc2 Bxg3 18. hxg3 Qg5 19. Na4 Nxa4 20. Qxa4 f5 21. Qb4 Rf7 22. Qd6 Rd8 23. Qe5 Re7 24. Qf4 Qf6 25. b4 g5 26. Qf3 g4 27. Qd1 Qg5 28. Rab1 Rd6 29. Rc3 Rde6 30. b5 Qh5 31. bxc6 bxc6 32. Rbc1 Rh6 33. Kf1 Qh1+ 34. Ke2 Qxg2 35. Rxc6 Qf3+ 36. Kd3 Qxd1+ 0-1

[Event "Oberliga Sued W 1011"]
[Site "Germany"]
[Date "2011.03.20"]
[Round "8.6"]
[White "Simon, Roland"]
[Black "Krannich, Holger"]
[Result "1/2-1/2"]
[WhiteElo "2090"]
[BlackElo "2041"]
[PlyCount "107"]
[EventDate "2010.10.10"]
[EventType "team-tourn"]
[EventRounds "9"]
[EventCountry "GER"]
[SourceTitle "EXT 2012"]
[Source "ChessBase"]
[SourceDate "2011.11.24"]
[SourceVersion "1"]
[SourceVersionDate "2011.11.24"]
[SourceQuality "1"]
[WhiteTeam "Ludwigshafen"]
[BlackTeam "Heidesheim"]
[WhiteTeamCountry "GER"]
[BlackTeamCountry "GER"]

1. e4 c5 2. Nf3 g6 3. Bc4 Bg7 4. 0-0 d6 5. d4 cxd4 6. Nxd4 Nf6 7. Nc3 0-0 8. a4 Nc6 9. Nb3 Bd7 10. a5 Ne5 11. Be2 b5 12. Nxb5 Nxe4 13. Be3 Bxb5 14. Bxb5 a6 15. Be2 Qc8 16. Bd4 Nc5 17. Nd2 Rb8 18. f4 Nc6 19. Bxg7 Kxg7 20. Nc4 Qc7 21. Bf3 Kg8 22. Kh1 Rfd8 23. c3 Nb3 24. Ra4 Ncxa5 25. Nxa5 Nxa5 26. Qd5 Rb5 27. Qa2 Rdb8 28. b4 Nc4 29. Rxa6 Ne3 30. Rc6 Qd7 31. Re1 d5 32. Ra6 Nf5 33. Ra7 Qc6 34. Qd2 e6 35. Be2 R5b7 36. Ra6 Qc7 37. Bg4 Ng7 38. Ra5 Qb6 39. Rea1 h5 40. Bf3 Rc7 41. Ra6 Qb7 42. R6a5 Qc8 43. R5a3 Nf5 44. Rb3 Nd6 45. Qe1 Qd7 46. Rd1 Rbc8 47. Qe5 Nc4 48. Qd4 Nd6 49. Qf6 Qa4 50. Rbb1 Rxc3 51. b5 Nxb5 52. f5 Rxf3 53. gxf3 Qf4 54. Qb2 1/2-1/2

[Event "Oberliga Sued W 1011"]
[Site "Germany"]
[Date "2010.11.14"]
[Round "3.6"]
[White "Goeltzer, Oliver"]
[Black "Simon, Roland"]
[Result "0-1"]
[WhiteElo "1912"]
[BlackElo "2090"]
[PlyCount "76"]
[EventDate "2010.10.10"]
[EventType "team-tourn"]
[EventRounds "9"]
[EventCountry "GER"]
[SourceTitle "EXT 2012"]
[Source "ChessBase"]
[SourceDate "2011.11.24"]
[SourceVersion "1"]
[SourceVersionDate "2011.11.24"]
[SourceQuality "1"]
[WhiteTeam "Illingen"]
[BlackTeam "Ludwigshafen"]
[WhiteTeamCountry "GER"]
[BlackTeamCountry "GER"]

1. d4 e6 2. c3 b6 3. Nf3 Bb7 4. Bf4 Nf6 5. h3 Be7 6. e3 0-0 7. Bd3 Ne4 8. Nbd2 d5 9. Qc2 f5 10. Ne5 Nd7 11. f3 Bh4+ 12. Ke2 Nf2 13. g3 Nxd3 14. Qxd3 Bf6 15. h4 Nxe5 16. Bxe5 Bxe5 17. dxe5 c5 18. Rhg1 a5 19. Kf2 Ba6 20. Qc2 d4 21. exd4 cxd4 22. Rad1 Rc8 23. Nb3 d3 24. Qd2 Qd5 25. Qe3 a4 26. Nd2 Rc5 27. f4 Qxa2 28. Ra1 Qxb2 29. Rgb1 Qxc3 30. Rxa4 Bb7 31. Rxb6 Bd5 32. Rd4 Qa5 33. Rb1 Rc2 34. Rd1 Rfc8 35. Rxd3 R8c3 36. Ke1 Rxd3 37. Qxd3 Qc5 38. Kf1 Bc4 0-1

[Event "GER CupT"]
[Site "Germany"]
[Date "2010.02.20"]
[Round "1"]
[White "Schwalfenberg, Joerg"]
[Black "Simon, Roland"]
[Result "1-0"]
[WhiteElo "2343"]
[BlackElo "2159"]
[PlyCount "134"]
[EventDate "2010.02.20"]
[EventType "team-tourn"]
[EventRounds "2"]
[EventCountry "GER"]
[SourceTitle "CBM 135 Extra"]
[Source "ChessBase"]
[SourceDate "2010.05.04"]
[SourceVersion "1"]
[SourceVersionDate "2010.05.04"]
[SourceQuality "1"]

1. Nf3 d5 2. d4 Nf6 3. c4 e6 4. g3 c6 5. Qc2 Bd6 6. Bg2 Nbd7 7. 0-0 0-0 8. Nc3 h6 9. e4 dxe4 10. Nxe4 Nxe4 11. Qxe4 Nf6 12. Qe2 Re8 13. Bd2 Qc7 14. b4 Bd7 15. a4 Rad8 16. Rfd1 a5 17. c5 Bf8 18. bxa5 e5 19. dxe5 Bg4 20. Qc4 Bxf3 21. Bxf3 Qxe5 22. Be3 Nd5 23. Bd4 Qf5 24. Kg2 Nc7 25. Be3 Na6 26. Rxd8 Rxd8 27. Rc1 Nc7 28. Be4 Qf6 29. Rb1 Nd5 30. Bxd5 cxd5 31. Qd4 Qc6 32. Rb6 Qd7 33. a6 bxa6 34. c6 Qc8 35. Bf4 Bd6 36. c7 Qxc7 37. Rxd6 Rxd6 38. Qe5 Qc4 39. Qxd6 Qe4+ 40. Kh3 Qf5+ 41. g4 Qd3+ 42. Kg2 Qe4+ 43. Kg3 Qxa4 44. Qd8+ Kh7 45. Qxd5 Kg8 46. Be3 Qa1 47. Kg2 a5 48. Bd4 Qb1 49. Qf5 Qb7+ 50. Qf3 Qd7 51. Bb2 a4 52. h3 Qb5 53. Qa8+ Kh7 54. Qe4+ Kg8 55. Qe5 Qc6+ 56. Kh2 f6 57. Qc3 Qd6+ 58. Kg2 Qd5+ 59. f3 Qe6 60. Qd3 Qb6 61. Qc4+ Kh8 62. Bd4 Qb1 63. Qxa4 Qc1 64. Qe8+ Kh7 65. Qe4+ Kg8 66. h4 Qd2+ 67. Kg3 Qa5 1-0

[Event "Oberliga Sued W 0910"]
[Site "Germany"]
[Date "2010.01.24"]
[Round "5.4"]
[White "Scheiblauer, Heinrich"]
[Black "Simon, Roland"]
[Result "1-0"]
[WhiteElo "2184"]
[BlackElo "2120"]
[PlyCount "81"]
[EventDate "2009.10.18"]
[EventType "team-tourn"]
[EventRounds "9"]
[EventCountry "GER"]
[SourceTitle "EXT 2011"]
[Source "ChessBase"]
[SourceDate "2010.11.26"]
[SourceVersion "1"]
[SourceVersionDate "2010.11.26"]
[SourceQuality "1"]
[WhiteTeam "Mutterstadt"]
[BlackTeam "Ludwigshafen"]
[WhiteTeamCountry "GER"]
[BlackTeamCountry "GER"]

1. d4 d5 2. Nf3 Bf5 3. c4 dxc4 4. Nc3 Nf6 5. Nh4 Qd7 6. Nxf5 Qxf5 7. f3 e5 8. e4 Qe6 9. Qa4+ Qc6 10. Nb5 Bd6 11. Qxc4 0-0 12. Bd2 Qd7 13. Rd1 Nc6 14. Bc3 exd4 15. Nxd4 Nxd4 16. Qxd4 Qc6 17. Bc4 Bc5 18. Qd3 Qb6 19. g3 Bb4 20. Kf1 Bxc3 21. bxc3 c6 22. Kg2 Rad8 23. Qc2 Qc5 24. Rxd8 Rxd8 25. Rd1 Re8 26. Qd3 h6 27. Qd4 Qa3 28. Bb3 Qa5 29. h4 Qa6 30. Rd2 Qa5 31. g4 Qc7 32. g5 hxg5 33. hxg5 Nh5 34. Qd6 Qe7 35. g6 Qg5+ 36. Kf1 Ng3+ 37. Kf2 Rf8 38. gxf7+ Kh8 39. Qxf8+ Kh7 40. Qd8 Nh1+ 41. Ke2 1-0

[Event "Oberliga Sued W 0910"]
[Site "Germany"]
[Date "2009.12.13"]
[Round "4.4"]
[White "Simon, Roland"]
[Black "Popitz, Andreas"]
[Result "0-1"]
[WhiteElo "2120"]
[BlackElo "2195"]
[PlyCount "74"]
[EventDate "2009.10.18"]
[EventType "team-tourn"]
[EventRounds "9"]
[EventCountry "GER"]
[SourceTitle "EXT 2011"]
[Source "ChessBase"]
[SourceDate "2010.11.26"]
[SourceVersion "1"]
[SourceVersionDate "2010.11.26"]
[SourceQuality "1"]
[WhiteTeam "Ludwigshafen"]
[BlackTeam "Frankenthal"]
[WhiteTeamCountry "GER"]
[BlackTeamCountry "GER"]

1. e4 Nf6 2. e5 Nd5 3. d4 d6 4. Nf3 Bg4 5. Be2 c6 6. 0-0 Bxf3 7. Bxf3 dxe5 8. dxe5 e6 9. Qe2 Qc7 10. b3 Nd7 11. Bb2 Nf4 12. Qe4 Ng6 13. Re1 Rd8 14. h4 Nc5 15. Qg4 h5 16. Qc4 b5 17. Qe2 Nxh4 18. Bxh5 Nf5 19. Bf3 Nxb3 20. Qe4 Nbd4 21. Bg4 Qb6 22. Bh3 Rh4 23. Qd3 g5 24. g4 Rxh3 25. Qxh3 Nh4 26. Bxd4 Qxd4 27. Nc3 Bb4 28. Ne2 Qe4 29. Ng3 Qxc2 30. Re2 Rd2 31. Rxd2 Qxd2 32. Rf1 Qf4 33. Rd1 Bc5 34. Qf1 Qxg3+ 35. Kh1 Bxf2 36. Rd3 Qxg4 37. Qxf2 Qe4+ 0-1

[Event "Rhein Main op 12th"]
[Site "Bad Homburg"]
[Date "2009.06.13"]
[Round "6"]
[White "Simon, Roland"]
[Black "Kulenovic, Adnan"]
[Result "1-0"]
[WhiteElo "2105"]
[BlackElo "1828"]
[PlyCount "83"]
[EventDate "2009.06.10"]
[EventType "swiss"]
[EventRounds "7"]
[EventCountry "GER"]
[SourceTitle "CBM 131 Extra"]
[Source "ChessBase"]
[SourceDate "2009.09.03"]
[SourceVersion "2"]
[SourceVersionDate "2009.09.16"]
[SourceQuality "1"]

1. e4 e5 2. f4 exf4 3. Nf3 g5 4. Bc4 Bg7 5. 0-0 d6 6. c3 Nh6 7. d4 Nc6 8. h4 gxh4 9. Bxf4 0-0 10. Ng5 Bg4 11. Qe1 Ne7 12. Qxh4 Ng6 13. Qg3 Nxf4 14. Qxf4 Bh5 15. Nd2 Qd7 16. Qh2 Qg4 17. Nh3 Bg6 18. Rf4 Qd7 19. Rh4 Ng4 20. Qg3 Nf6 21. Rf1 d5 22. exd5 Nxd5 23. Nf4 c6 24. Bxd5 cxd5 25. Nh5 f5 26. Nxg7 Qxg7 27. Nf3 Rae8 28. Ne5 Re6 29. Qg5 a5 30. Rhf4 Ref6 31. Qg3 Kh8 32. Qd3 Rg8 33. R1f2 Rb6 34. Qh3 Re6 35. Qf3 Rd6 36. Rxf5 Qh6 37. Rf6 Qc1+ 38. Rf1 Qd2 39. Rxd6 Be8 40. Nf7+ Bxf7 41. Qf6+ Rg7 42. Rd8+ 1-0

[Event "Oberliga Sued W 0809"]
[Site "Germany"]
[Date "2009.03.15"]
[Round "8.6"]
[White "Simon, Roland"]
[Black "Becker, Joerg2222"]
[Result "1/2-1/2"]
[WhiteElo "2086"]
[BlackElo "1871"]
[PlyCount "126"]
[EventDate "2008.10.05"]
[EventType "team-tourn"]
[EventRounds "11"]
[EventCountry "GER"]
[SourceTitle "EXT 2012"]
[Source "ChessBase"]
[SourceDate "2011.11.24"]
[SourceVersion "1"]
[SourceVersionDate "2011.11.24"]
[SourceQuality "1"]
[WhiteTeam "Ludwigshafen"]
[BlackTeam "Schwarzenbach"]
[WhiteTeamCountry "GER"]
[BlackTeamCountry "GER"]

1. e4 Nf6 2. Nc3 d5 3. exd5 Nxd5 4. Be2 Nxc3 5. bxc3 g6 6. Bf3 Bg7 7. Ne2 Nd7 8. d4 0-0 9. Ba3 Re8 10. 0-0 e5 11. Ng3 Nb6 12. Re1 Nc4 13. Bc5 c6 14. d5 cxd5 15. Bxd5 Qc7 16. Bxc4 Qxc5 17. Bb3 Be6 18. Qf3 Qb6 19. Rab1 Red8 20. Bc4 Qc6 21. Qxc6 bxc6 22. Bxe6 fxe6 23. Ne4 Rab8 24. Kf1 Rb6 25. Ke2 Bh6 26. Rb3 Rxb3 27. cxb3 Kf7 28. Rd1 Rd5 29. g4 Bf4 30. h3 Ke7 31. Rd3 Ra5 32. a4 Rd5 33. f3 h5 34. Nf2 Bg3 35. Ne4 Bf4 36. g5 h4 37. Rd1 a5 38. Rb1 Kd8 39. Rb2 Kc7 40. b4 Kb6 41. Nc5 Rd6 42. Ne4 Rd5 43. Rc2 Rd8 44. Rb2 axb4 45. Rxb4+ Ka5 46. Rb7 Kxa4 47. Rb6 Ka5 48. Rb7 Ka4 49. Rh7 Kb3 50. Rxh4 Kc2 51. Rh6 Rd3 52. Rxg6 Re3+ 53. Kf2 Kd1 54. Ng3 Rxc3 55. Ne4 Re3 56. h4 Re2+ 57. Kf1 Rh2 58. Rxe6 Rh1+ 59. Kg2 Rh2+ 60. Kg1 Rxh4 61. Rxc6 Ke2 62. Rc3 Rh8 63. g6 Rg8 1/2-1/2

[Event "Oberliga Sued W 0809"]
[Site "Germany"]
[Date "2009.01.18"]
[Round "5.6"]
[White "Biegler, Helmut"]
[Black "Simon, Roland"]
[Result "1-0"]
[WhiteElo "2084"]
[BlackElo "2086"]
[PlyCount "137"]
[EventDate "2008.10.05"]
[EventType "team-tourn"]
[EventRounds "11"]
[EventCountry "GER"]
[SourceTitle "EXT 2012"]
[Source "ChessBase"]
[SourceDate "2011.11.24"]
[SourceVersion "1"]
[SourceVersionDate "2011.11.24"]
[SourceQuality "1"]
[WhiteTeam "Illingen"]
[BlackTeam "Ludwigshafen"]
[WhiteTeamCountry "GER"]
[BlackTeamCountry "GER"]

1. g3 g6 2. Bg2 Bg7 3. d4 d5 4. Nc3 c6 5. Nf3 Bf5 6. h3 h5 7. Be3 Na6 8. Qd2 Qd7 9. 0-0-0 0-0-0 10. a3 f6 11. Nh4 Nh6 12. f3 g5 13. Nxf5 Nxf5 14. Bf2 Qc7 15. g4 Nd6 16. b3 f5 17. gxf5 Nxf5 18. Qd3 Rhf8 19. e3 e5 20. h4 exd4 21. exd4 g4 22. Ne2 g3 23. Be1 Qe7 24. Kb2 Kb8 25. Bxg3+ Ka8 26. Bf2 c5 27. c3 c4 28. bxc4 dxc4 29. Qxc4 Nd6 30. Qd3 Rc8 31. Ra1 Nc4+ 32. Kb3 Rfd8 33. Kc2 Nxa3+ 34. Kd1 Nc4 35. Rb1 Ne5 36. Qf5 Nc6 37. f4 Qa3 38. Qb5 Nc5 39. Kc2 Qa4+ 40. Qxa4 Nxa4 41. Rb3 Nb6 42. Ra1 Nd5 43. Kd3 Rc7 44. Bf3 Bh6 45. Bxd5 Rxd5 46. c4 Ra5 47. Rxa5 Nxa5 48. Rb5 Nxc4 49. Rxh5 Nb2+ 50. Ke4 Bg7 51. d5 Re7+ 52. Re5 Bxe5 53. fxe5 Nc4 54. e6 a5 55. Nc3 b6 56. Bg3 Kb7 57. Kf5 Rg7 58. Bf4 Rh7 59. Kg5 Ka6 60. h5 b5 61. d6 Nxd6 62. Bxd6 Kb7 63. Nxb5 Kc6 64. Kg6 Rh8 65. h6 Kxb5 66. h7 Ra8 67. Be5 Kc6 68. h8Q Rxh8 69. Bxh8 1-0

[Event "Oberliga Sued W 0809"]
[Site "Germany"]
[Date "2008.11.30"]
[Round "3.7"]
[White "Simon, Roland"]
[Black "Leis, Adalbert"]
[Result "1/2-1/2"]
[WhiteElo "2086"]
[BlackElo "1963"]
[PlyCount "52"]
[EventDate "2008.10.05"]
[EventType "team-tourn"]
[EventRounds "11"]
[EventCountry "GER"]
[SourceTitle "EXT 2012"]
[Source "ChessBase"]
[SourceDate "2011.11.24"]
[SourceVersion "1"]
[SourceVersionDate "2011.11.24"]
[SourceQuality "1"]
[WhiteTeam "Ludwigshafen"]
[BlackTeam "Bann"]
[WhiteTeamCountry "GER"]
[BlackTeamCountry "GER"]

1. d4 Nf6 2. Nf3 d5 3. e3 e6 4. Be2 c5 5. 0-0 Nc6 6. c4 Be7 7. Nc3 0-0 8. b3 cxd4 9. exd4 b6 10. Bb2 Bb7 11. Rc1 Rc8 12. Na4 Nd7 13. cxd5 exd5 14. Ne5 Bd6 15. Bd3 Ndxe5 16. dxe5 Nxe5 17. Bxh7+ Kxh7 18. Qh5+ Kg8 19. Bxe5 Bxe5 20. Qxe5 Re8 21. Qf5 d4 22. Rcd1 Be4 23. Qf4 d3 24. Nb2 Rc2 25. Nc4 Re6 26. Ne5 Qc7 1/2-1/2

[Event "Oberliga Sued W 0809"]
[Site "Germany"]
[Date "2008.10.05"]
[Round "1.7"]
[White "Vogel, Johannes"]
[Black "Simon, Roland"]
[Result "0-1"]
[WhiteElo "2078"]
[BlackElo "2086"]
[PlyCount "83"]
[EventDate "2008.10.05"]
[EventType "team-tourn"]
[EventRounds "11"]
[EventCountry "GER"]
[SourceTitle "EXT 2012"]
[Source "ChessBase"]
[SourceDate "2011.11.24"]
[SourceVersion "1"]
[SourceVersionDate "2011.11.24"]
[SourceQuality "1"]
[WhiteTeam "Landau"]
[BlackTeam "Ludwigshafen"]
[WhiteTeamCountry "GER"]
[BlackTeamCountry "GER"]

1. e4 d5 2. exd5 Qxd5 3. Nc3 Qd6 4. d4 Nf6 5. g3 Bg4 6. Qd3 c6 7. Bf4 Qe6+ 8. Qe3 Qxe3+ 9. Bxe3 e6 10. Bg2 Nbd7 11. Nge2 Nb6 12. f3 Bf5 13. 0-0-0 Nc4 14. Bf2 Nd5 15. Nxd5 cxd5 16. g4 Bg6 17. Nf4 Bd6 18. Nxg6 hxg6 19. Bg3 Kd7 20. Rhe1 f5 21. gxf5 gxf5 22. f4 g5 23. b3 Na3 24. Kb2 Rac8 25. Re2 gxf4 26. Bxf4 Rxc2+ 27. Rxc2 Nxc2 28. Bxd6 Ne3 29. Be5 Nxd1+ 30. Kc1 Rg8 31. Bf3 Nf2 32. Kd2 Ng4 33. Bf4 Rh8 34. Bxg4 fxg4 35. Ke3 Rh5 36. Kf2 Rh3 37. Bg3 e5 38. dxe5 Ke6 39. b4 b5 40. Bf4 Kf5 41. Bg3 d4 42. Ke2 0-1

[Event "Muensterland Verbandsklasse-A 0607"]
[Site "Germany"]
[Date "2007.04.21"]
[Round "8.1"]
[White "Meyer, Ulrich"]
[Black "Simon, Roland"]
[Result "1-0"]
[WhiteElo "2016"]
[BlackElo "1887"]
[PlyCount "113"]
[EventDate "2006.09.23"]
[EventType "team"]
[EventRounds "9"]
[EventCountry "GER"]
[SourceTitle "EXT 2008"]
[Source "ChessBase"]
[SourceDate "2007.11.25"]
[SourceVersion "1"]
[SourceVersionDate "2007.11.25"]
[SourceQuality "1"]
[WhiteTeam "Muenster Indische Dame"]
[BlackTeam "Duelmen"]
[WhiteTeamCountry "GER"]
[BlackTeamCountry "GER"]

1. d4 Nf6 2. Bg5 d5 3. e3 e6 4. f4 Bd6 5. Nf3 c6 6. Bd3 b6 7. Nbd2 Qc7 8. Qe2 Nbd7 9. 0-0 Bb7 10. Ne5 Nf8 11. c4 Ng6 12. Rac1 dxc4 13. Ndxc4 Be7 14. Nd2 0-0 15. h4 Rfd8 16. h5 Nf8 17. Bxf6 Bxf6 18. Ne4 Be7 19. Qc2 f5 20. Nf2 Rac8 21. g4 fxg4 22. Nfxg4 Bf6 23. Kh2 Qe7 24. Qg2 Kh8 25. Nxc6 Bxc6 26. Rxc6 Rxc6 27. Qxc6 Bxd4 28. Be2 Bxb2 29. Qc2 Qb4 30. Rd1 Rxd1 31. Qxd1 Bf6 32. Qd3 Qe7 33. Qe4 Qd8 34. Bc4 Qd2+ 35. Kh3 Qd6 36. Bb3 Qe7 37. Qc4 Qf7 38. Qb5 Qd7 39. Qxd7 Nxd7 40. Bxe6 Nc5 41. Bd5 Nd7 42. Kg3 g5 43. h6 gxf4+ 44. Kxf4 Bc3 45. Kf5 a5 46. e4 a4 47. e5 Nf8 48. Bf7 Bb4 49. e6 Be7 50. Ne5 b5 51. Nc6 Ng6 52. Nxe7 Nxe7+ 53. Kf6 Nd5+ 54. Ke5 Ne7 55. Be8 Kg8 56. Bxb5 a3 57. Bd3 1-0

[Event "Muensterland Verbandsklasse-A 0607"]
[Site "Germany"]
[Date "2007.02.17"]
[Round "6.1"]
[White "Schulz, Stefan"]
[Black "Simon, Roland"]
[Result "0-1"]
[WhiteElo "1833"]
[BlackElo "1887"]
[PlyCount "70"]
[EventDate "2006.09.23"]
[EventType "team"]
[EventRounds "9"]
[EventCountry "GER"]
[SourceTitle "EXT 2008"]
[Source "ChessBase"]
[SourceDate "2007.11.25"]
[SourceVersion "1"]
[SourceVersionDate "2007.11.25"]
[SourceQuality "1"]
[WhiteTeam "Muenster SK IV"]
[BlackTeam "Duelmen"]
[WhiteTeamCountry "GER"]
[BlackTeamCountry "GER"]

1. d4 d5 2. Nf3 Nf6 3. c4 e6 4. g3 Be7 5. Bg2 0-0 6. 0-0 c5 7. cxd5 exd5 8. dxc5 Nc6 9. a3 Qa5 10. Nc3 Qxc5 11. Be3 Qa5 12. b4 Qd8 13. Nd4 Be6 14. Rc1 Ne5 15. Qb3 Nc4 16. Nb1 Qd7 17. Rfd1 b5 18. Bg5 Rfd8 19. Nc3 a6 20. e3 Rac8 21. Nce2 Bg4 22. Rc2 Bh5 23. h4 Ne4 24. Bxe7 Qxe7 25. Bh3 Rc7 26. Kg2 Bxe2 27. Nxe2 g6 28. Nf4 Qe5 29. Nd3 Qf6 30. Nf4 d4 31. exd4 Rxd4 32. Rxd4 Qxd4 33. Qa2 Ncd2 34. Nd3 Qxd3 35. Rxc7 Qf1+ 0-1

[Event "Muensterland Verbandsklasse-A 0607"]
[Site "Germany"]
[Date "2006.09.23"]
[Round "1.1"]
[White "Stoecker, Ralph"]
[Black "Simon, Roland"]
[Result "0-1"]
[WhiteElo "2043"]
[BlackElo "1887"]
[PlyCount "122"]
[EventDate "2006.09.23"]
[EventType "team"]
[EventRounds "9"]
[EventCountry "GER"]
[SourceTitle "EXT 2008"]
[Source "ChessBase"]
[SourceDate "2007.11.25"]
[SourceVersion "1"]
[SourceVersionDate "2007.11.25"]
[SourceQuality "1"]
[WhiteTeam "Ibbenbueren"]
[BlackTeam "Duelmen"]
[WhiteTeamCountry "GER"]
[BlackTeamCountry "GER"]

1. f4 d5 2. Nf3 Nf6 3. e3 Bg4 4. d4 Nbd7 5. Bd3 e6 6. Nbd2 Bd6 7. 0-0 c5 8. c3 a6 9. Qe1 Bf5 10. Qe2 c4 11. Bb1 b5 12. Ne5 Bxb1 13. Rxb1 Qc7 14. e4 Nxe4 15. Nxe4 dxe4 16. Qxe4 Rb8 17. f5 Nxe5 18. dxe5 Qc5+ 19. Kh1 Bxe5 20. fxe6 f6 21. Be3 Qd6 22. Rbd1 Qxe6 23. Bc5 Kf7 24. Rde1 Rhe8 25. h3 Bg3 26. Qxe6+ Rxe6 27. Rd1 Re2 28. Rf3 Be5 29. Rf2 Rxf2 30. Bxf2 Ke7 31. Bc5+ Ke8 32. Re1 Kd7 33. Bb4 Re8 34. Rd1+ Kc6 35. Kg1 Bg3 36. Kf1 Re3 37. Bf8 g6 38. Bh6 g5 39. Bg7 Re6 40. Bf8 h5 41. Bb4 f5 42. b3 Re3 43. bxc4 bxc4 44. a4 g4 45. hxg4 hxg4 46. Ba5 f4 47. Rb1 f3 48. gxf3 gxf3 49. Rb6+ Kd5 50. Rb1 Ke4 51. Bb6 Rxc3 52. Bf2 Bxf2 53. Kxf2 Rc2+ 54. Kf1 Ke3 55. Re1+ Re2 56. Rb1 f2 57. Rc1 Ra2 58. Rc3+ Kd4 59. Rf3 c3 60. Rf8 Kc4 61. Rb8 Rd2 0-1

[Event "Dortmund Sparkassen op-A"]
[Site "Dortmund"]
[Date "2006.08.02"]
[Round "5"]
[White "Zweschper, Erich"]
[Black "Simon, Roland"]
[Result "1/2-1/2"]
[WhiteElo "2191"]
[BlackElo "2038"]
[PlyCount "92"]
[EventDate "2006.07.28"]
[EventType "swiss"]
[EventRounds "9"]
[EventCountry "GER"]
[SourceTitle "CBM 113 Extra"]
[Source "ChessBase"]
[SourceDate "2006.09.14"]
[SourceVersion "1"]
[SourceVersionDate "2006.09.14"]
[SourceQuality "1"]

1. d4 d5 2. Nf3 Nf6 3. Bg5 e6 4. e3 Be7 5. Nbd2 0-0 6. Bd3 c5 7. c3 Nbd7 8. Qe2 cxd4 9. exd4 a6 10. h4 b5 11. Ne5 Nxe5 12. dxe5 Ne8 13. Qh5 g6 14. Qh6 f5 15. Nf3 Rf7 16. h5 Rg7 17. hxg6 hxg6 18. Bxe7 Qxe7 19. Ng5 Kf8 20. 0-0-0 Qc7 21. f4 b4 22. Bc2 bxc3 23. Rd3 cxb2+ 24. Kb1 Bd7 25. Qh8+ Rg8 26. Nh7+ Kf7 27. Ng5+ Kf8 28. Qh6+ Ke7 29. Nh7 Rc8 30. Rd2 Qc3 31. Qh4+ Kf7 32. Rf2 Rg7 33. Ng5+ Kf8 34. Rh3 Qe1+ 35. Kxb2 Qb4+ 36. Bb3 Qd4+ 37. Kb1 a5 38. a4 Rc3 39. Rxc3 Qxc3 40. Rf3 Qb4 41. Kc2 Kg8 42. Rh3 Kf8 43. Nh7+ Kf7 44. Ng5+ Kf8 45. Rc3 Kg8 46. Rh3 Kf8 1/2-1/2

[Event "Dortmund Sparkassen op-A"]
[Site "Dortmund"]
[Date "2006.07.30"]
[Round "3"]
[White "Hoeffer, David"]
[Black "Simon, Roland"]
[Result "1/2-1/2"]
[WhiteElo "2203"]
[BlackElo "2038"]
[PlyCount "59"]
[EventDate "2006.07.28"]
[EventType "swiss"]
[EventRounds "9"]
[EventCountry "GER"]
[SourceTitle "CBM 113 Extra"]
[Source "ChessBase"]
[SourceDate "2006.09.14"]
[SourceVersion "1"]
[SourceVersionDate "2006.09.14"]
[SourceQuality "1"]

1. Nc3 d5 2. e4 dxe4 3. Nxe4 Nf6 4. Ng3 e5 5. Nf3 Bd6 6. Bc4 0-0 7. d3 Qe7 8. 0-0 Be6 9. Bxe6 Qxe6 10. Re1 Nc6 11. h3 Qd7 12. Nh4 Rfe8 13. Bg5 Re6 14. Nhf5 Bf8 15. Qf3 Qd5 16. Ne4 Nxe4 17. dxe4 Qb5 18. b3 Nd4 19. Qd1 f6 20. Be3 Nxf5 21. exf5 Rd6 22. Qg4 Rad8 23. Rad1 Qd7 24. Rxd6 Qxd6 25. Qc4+ Kh8 26. g4 Qb4 27. Qe2 Bc5 28. c3 Qb6 29. Bc1 Qd6 30. Kg2 1/2-1/2

[Event "Dortmund Sparkassen op-A"]
[Site "Dortmund"]
[Date "2006.07.28"]
[Round "2"]
[White "Simon, Roland"]
[Black "Degro, Heiko"]
[Result "1-0"]
[WhiteElo "2038"]
[BlackElo "1997"]
[PlyCount "105"]
[EventDate "2006.07.28"]
[EventType "swiss"]
[EventRounds "9"]
[EventCountry "GER"]
[SourceTitle "CBM 113 Extra"]
[Source "ChessBase"]
[SourceDate "2006.09.14"]
[SourceVersion "1"]
[SourceVersionDate "2006.09.14"]
[SourceQuality "1"]

1. d4 Nf6 2. e3 g6 3. Nf3 Bg7 4. Nbd2 d5 5. b3 0-0 6. Bb2 Bg4 7. Be2 Nbd7 8. 0-0 c5 9. c4 cxd4 10. Nxd4 Bxe2 11. Qxe2 e5 12. N4f3 e4 13. Ne5 Nb6 14. c5 Nbd7 15. c6 bxc6 16. Nxc6 Qb6 17. Rac1 Rfe8 18. Bd4 Qb7 19. Rc2 Bf8 20. b4 a6 21. a3 Rac8 22. Rfc1 Nh5 23. f4 Ng7 24. Nb3 Ne6 25. Ba1 Nb6 26. Nca5 Rxc2 27. Qxc2 Qa8 28. Qc6 Qxc6 29. Rxc6 Nc4 30. Nxc4 dxc4 31. Rxc4 Ra8 32. Kf2 f5 33. Ke2 Kf7 34. Be5 Rd8 35. Nd4 Nxd4+ 36. Bxd4 Ke6 37. Be5 Ra8 38. Rc6+ Kd5 39. Rc7 h5 40. Kd2 Re8 41. Kc3 Re6 42. Rd7+ Kc6 43. Ra7 Kd5 44. Rc7 Be7 45. g3 g5 46. a4 gxf4 47. gxf4 Rc6+ 48. Rxc6 Kxc6 49. Kc4 Bh4 50. b5+ axb5+ 51. axb5+ Kb7 52. Bd4 Bd8 53. Kd5 1-0

[Event "Muensterland Verbandsklasse-B 0506"]
[Site "Germany"]
[Date "2006.03.25"]
[Round "3.3"]
[White "Freitag, Julia"]
[Black "Simon, Roland"]
[Result "0-1"]
[WhiteElo "1880"]
[BlackElo "1877"]
[PlyCount "70"]
[EventDate "2005.09.03"]
[EventType "team"]
[EventRounds "9"]
[EventCountry "GER"]
[SourceTitle "EXT 2006"]
[Source "ChessBase"]
[SourceDate "2005.11.24"]
[SourceVersion "1"]
[SourceVersionDate "2005.11.24"]
[SourceQuality "1"]
[WhiteTeam "Steinfurt"]
[BlackTeam "Duelmen"]
[WhiteTeamCountry "GER"]
[BlackTeamCountry "GER"]

1. d4 d5 2. e3 Bf5 3. Bd3 e6 4. f4 Bd6 5. Nf3 Nf6 6. Bxf5 exf5 7. Qd3 Qd7 8. Ne5 Bxe5 9. fxe5 Ne4 10. 0-0 0-0 11. c4 Nc6 12. a3 f6 13. exf6 Rxf6 14. Nd2 Nxd2 15. Bxd2 Ne7 16. b4 dxc4 17. Qxc4+ Nd5 18. Rf3 Re8 19. Raf1 Re4 20. Qd3 Qe6 21. Rc1 g5 22. Qb3 c6 23. b5 Kg7 24. bxc6 bxc6 25. Qb7+ Kg6 26. Qxa7 g4 27. Rff1 Nxe3 28. Bxe3 Rxe3 29. a4 Re2 30. Qc5 Qa2 31. Kh1 Rxg2 32. Qe5 g3 33. Qe8+ Kh6 34. Qe3+ f4 35. Qf3 Rg1+ 0-1